Lummer, Otto

Titel: Lummer, Otto
Verfasser:
In: Schlesische Lebensbilder ; Bd. 4. Schlesier des 16. bis 19. Jahrhunderts, (1985), Seite 419-430
alle Artikel anzeigen
Veröffentlicht: 1985
Format: Aufsatz
Sprache: Deutsch
Kein Bild verfügbar
X
alg: 39260026
001A    $01999:11-11-16 
001B    $01999:21-05-21 $t16:52:01.000 
001D    $01999:11-11-16 
001U    $0utf8 
001X    $00 
002@    $0Aox 
003@    $0392600269 
007A    $0392600269 $aHEB 
007T    $0Herdc0076780s 
010@    $ager 
011@    $a1985 
021A    $aLummer, Otto 
028A    $aSchaefer $dClemens 
031A    $h419-430 $j1985 
039B    $aIn $8--Afx--. Schlesische Lebensbilder ; Bd. 4. Schlesier des 16. bis 19. Jahrhunderts. - 2. Aufl.. - Sigmaringen {[u.a.] : Thorbecke, 1985. - X, 441, [31] S.. - Abb.. - ISBN 3-7995-6194-3 $x198500000000000581 $9391401270 
045F    $a929.094385 $eDDC23BSB 
045F/01 $a929 
045F/03 $g4385 

lok: 39260026 78

exp: 39260026 78 1 #EPN
201B/01 $019-04-17 $t11:24:14.000 
201U/01 $0utf8 
203@/01 $0788698605 
208@/01 $a11-11-16 $be 
209A/01 $a/ $f000 $x00 
220C/01 $aTitelaufnehmer: sm 
220C/01 $aHerkunft: HI Marburg 
244Z/01 $2Trx $#Silesia $#Śląsk $#Sliezsko $#Slezsko $8--Trx--Schlesien $x01 $9391173987 
244Z/01 $aGeschichte 1860-1925 $x02 
244Z/01 $2Trx $8--Trx--Lummer, Otto$Z1860-1925 $x03 $9390694266 
244Z/01 $2Trx $#füüsikud $#fizikai $#physicists $#fizikus $#fizycy $#fyzici $#fyzikové $8--Trx--Physiker $x04 $9391367277 
244Z/01 $2Trx $#professorid $#dėstytojai $#professors $#professzor $#nauczyciele akademiccy $#učitelia vysokoškolskí $#učitelé vysokoškolští $#Professoren $#profesori $#profesoři $8--Trx--Hochschullehrer $x05 $9391380370 
244Z/01 $2Trx $8--Trx--Lexikonartikel $x06 $9391384562 
244Z/01 $2Trx $#biograafiad $#biografijos $#biography $#életrajzok $#biografia $#biografie $#biografie $8--Trx--Biographie $x07 $9391352938 
245Z/01 $a12.03 $x01 
247C/01 $82080>Marburg/Lahn, Herder-Institut, Forschungsbibliothek, Bibliographieportal $9336309341
LEADER 00000caa a22000002c 4500
001 392600269
003 DE-603
005 20210521165201.0
007 tu
008 161111s1985 xx |||| | u00||u|ger c
035 |a (DE-599)HEB392600269 
040 |a DE-603  |b ger  |c DE-603  |d DE-603 
041 |a ger 
082 0 4 |8 1\u  |a 929.094385  |q DE-101  |2 23/BSB 
085 |8 1\u  |b 929 
085 |8 1\u  |z 2  |s 4385 
100 1 |a Schaefer, Clemens 
245 0 0 |a Lummer, Otto 
264 0 |c 1985 
773 0 8 |i In  |t Schlesische Lebensbilder ; Bd. 4. Schlesier des 16. bis 19. Jahrhunderts  |b 2. Aufl.  |d Sigmaringen ˜[u.a.] œ: Thorbecke, 1985  |h X, 441, [31] S., Abb.  |z 3799561943  |g (1985), Seite 419-430  |w (DE-603)391401270 
924 0 |9 2080  |a (DE-603)788698605  |b DE-2080  |c HES  |d d  |g /